MARC

LEADER 00000nam0a2200000 4500
001 153673
005 20231031151500.0
010 |a 5211017102 
035 |a (RuTPU)RU\TPU\book\166713 
090 |a 153673 
100 |a 20090214d1991 m y0rusy50 ca 
101 0 |a rus 
102 |a RU 
105 |a y z 000zy 
200 1 |a Проблемы развития управления общественным производством  |f О. С. Виханский 
210 |a Москва  |c Изд-во Московского ун-та  |d 1991 
215 |a 142 с. 
610 1 |a народное хозяйство 
610 1 |a СССР 
610 1 |a управление 
610 1 |a общественное производство 
610 1 |a историзм 
610 1 |a характеристика 
686 |a У9(2)21  |2 rubbk 
700 1 |a Виханский  |b О. С.  |g Олег Самуилович 
801 1 |a RU  |b 63413507  |c 20090214  |g PSBO 
801 2 |a RU  |b 63413507  |c 20090605  |g PSBO 
942 |c BK